50 poznatih ličnosti iz Hrvatske - Statistics

General Stats
  • This quiz has been taken 151 times
  • The average score is 22 of 50
Answer Stats
Hint Answer % Correct
Fudbaler koji je osvojio Zlatnu loptu na SP u fudbalu 2018. godine Luka Modrić
87%
Doživotni predsednik SFRJ od 1953. do svoje smrti 1980. godine Josip Broz Tito
83%
Legendarni košarkaš koji je poginuo u saobraćajnoj nesreći 1993. godine Dražen Petrović
75%
Prvi predsednik Hrvatske od 1990. do smrti 1999. godine Franjo Tuđman
74%
Hrvatski ban po kome se naziva centralni trg u Zagrebu Josip Jelačić
74%
Pevačica koja se na vrh hrvatske scene probila turnejom "Virujen u te" Severina
74%
Pevačica koja je započela karijeru u splitskoj pop grupi Magazin Jelena Rozga
71%
Teniser koji je osvojio titulu na Vimbldonu 1995. godine Goran Ivanišević
68%
Četvorostruka olimpijska šampionka u skijanju Janica Kostelić
65%
Predsednica Republike Hrvatske od 2015. do 2020. godine Kolinda Grabar-Kitarović
65%
Teniser koji je osvojio US Open 2014. godine Marin Čilić
65%
Muzička zvezda iz Dalmacije sa diskografijom dugom skoro pet decenija Oliver Dragojević
65%
Političar koji je upravljao NDH tokom Drugog svetskog rata Ante Pavelić
63%
Predsednik Vlade Republike Hrvatske od 2016. godine Andrej Plenković
59%
Vajar čije je delo Spomenik pobedniku na Kalemegdanu u Beogradu Ivan Meštrović
59%
Fudbalski trener čiji je nadimak bio Ćiro Miroslav Blažević
59%
Fudbaler koji je igrao za Dinamo, C.Zvezdu, Real Madrid i Barselonu Robert Prosinečki
59%
Fudbaler koji je osvojio Zlatnu kopačku na SP u fudbalu 1998. godine Davor Šuker
56%
Muzičar najpoznatiji kao pevač rok grupe Azra Branimir Štulić
49%
General iz Domovinskog rata optužen za ratne zločine Ante Gotovina
48%
Najbolji rukometaš sveta 2003. i 2006. godine Ivano Balić
48%
Predsednik Hrvatske od 2000. do 2010. godine Stjepan Mesić
47%
Pisac i autor "Gospode Glembajavih" Miroslav Krleža
46%
Košarkaš koji je sa Čikago Bulsima osvojio tri NBA titule Toni Kukoč
46%
Umetničko ime Mirka Filipovića, kik boksera teške kategorije i MMA borca Mirko Cro Cop
45%
Dvostruka svetska šampionka u skoku u vis Blanka Vlašić
44%
Pevačica koja je predstavljala Jugoslaviju i Hrvatsku na Eurosongu Doris Dragović
41%
Pesnik iz Republike Dubrovnik čija su poznata dela "Osman" i "Dubravka" Ivan Gundulić
41%
Igrač Jugoplastike i Boston Seltiksa koji je primljen u košarkašku Kuću slavnih Dino Rađa
38%
Višestruka olimpijska, svetska i evropska šampionka u bacanju diska Sandra Perković
37%
Umetničko ime pevača Zlatana Stipišića Gibonni
35%
Pevač koji je predstavljao Hrvatsku na Eurosongu sa pjesmom "Vukovi umiru sami" Boris Novković
33%
Pesnik iz 20. veka čije je pravo ime bilo Augustin Tin Ujević
30%
Glumac najpoznatiji po ulogama u serijama ER i Timeless Goran Višnjić
29%
Astronom iz Raguze koji je otkrio odsustvo atmosfere na Mesecu Ruđer Bošković
29%
Glumac koji je igrao u filmovima X-Men: First Class, The Saint i Snatch​ Rade Šerbedžija
27%
Književnik, pesnik, kantautor i autor brojnih šansona rodom iz Šibenika Arsen Dedić
26%
Pevačica koja je bila vokal grupe Zlatni akordi tokom 1960-ih Josipa Lisac
26%
Glumica koja je glumila u serijama Vavilon 5 i Lost​ Mira Furlan
26%
Pronalazač koji je patentirao prvo nalivpero sa čvrstim mastilom Eduard Slavoljub Penkala
25%
Pesnik, političar i ban Kraljevine Hrvatsko-Slavonske između 1873. i 1880. Ivan Mažuranić
25%
Političar i posljednji predsednik Saveznog izvršnog veća SFRJ Ante Marković
23%
Pevačica poznata po svom širokom vokalnom opsegu i operskom stilu Tereza Kesovija
23%
Teniserka koja je osvojila titulu na Roland Garrosu 1997. godine Iva Majoli
17%
Najznačajnija hrvatska dečija pesnikinja Ivana Brlić-Mažuranić
16%
Model i bivša supruga prvog čoveka Formule 1 Slavica Ecclestone
14%
Stonoteniser koji je učestvovao na sedam letnjih Olimpijskih igara Zoran Primorac
14%
Vajar i autor spomenika mira ispred zgrade UN u Njujorku Antun Augustinčić
11%
Producent koji je osvojio Oskara za najbolji film za Šindlerovu listu i Gladijatora​ Branko Lustig
11%
Dobitnik Nobelove nagrade za hemiju 1939. godine Leopold Ružička
10%
No matching quizzes found
Score Distribution
Percent of People with Each Score
Percentile by Number Answered
Your Score History
You have not taken this quiz